Quizzes
Events
Quiz Creation
Community
Videos
Private Events
Remove Ads
Sign In
Join for FREE
Feedback
Dark Mode
Quiz Categories
Sports
Geography
Music
Movies
Television
Just For Fun
Miscellaneous
History
Literature
Language
Science
Gaming
Entertainment
Religion
Holiday
For Kids
Quiz Lab
Recent
Popular Today
Quiz Kudos Today
Editor Picks
Curator Picks
Quizzes by...
Day
Popularity
Type
Ratings
Length
Year
Community
Subscriptions
Recent Discussions
Orange Saloon
Badges
Playlists
Quests
Create
Leaderboards
Showdown
Live 5
Trivia Bingo
Activity
Puzzle Library
Sporcle Events
Private Events
Virtual Trivia
Globe League
Become a Host
Pub Owners
SporcleCon
Opinionation
Our Games
Videos
Blog
Mobile Apps
Partnerships
Remove Ads and Go Orange
Feedback
Literature
Harry Potter
A Song of Ice and Fire
The Hunger Games
Literary Character
Shakespeare
Book
Author
Novel
Poem
Young Adult
Children's Books
Play
Lord of the Rings
Literature
Harry Potter
A Song of Ice and Fire
The Hunger Games
Literary Character
Shakespeare
Book
Author
Novel
Poem
Young Adult
Children's Books
Play
Lord of the Rings
Random Quiz
Search Sporcle
×
Quiz Lab
Quiz Lab
Literature
Author
Type in answers that appear in a list
Type in answers that appear in a list
Classic
Best Score? Go Orange.
The Top 50 Children's Books (UK) Stats
Can you name the Top 50 Children's Books?
By
Steve1977
10m
50 Questions
786 Plays
786 Plays
786 Plays
Comments
Comments
Give Quiz Kudos
Give Quiz Kudos
-
- Ratings
hide this ad
Replay
Link that replays current quiz
Next Quiz
Link to next quiz in quiz playlist
You Got
0%
They Got
Avg Score
36%
Avg Friend Score
Upgrade to see
Score Distribution
Jump to the score distribution portion of the page
Score
0/50
Timer
10:00
0
Plays Today
Title
% Correct
The Lion the Witch and the Wardrobe
89.2%
Harry Potter and the Half Blood Prince
89.1%
Charlie and the Chocolate Factory
83.8%
Winnie the Pooh
81%
Alice in Wonderland
76.8%
The Cat in the Hat
74.7%
Matilda
73%
The BFG
71.8%
James and the Giant Peach
70%
The Tales of Peter Rabbit
68.7%
Peter Pan
66.2%
A Christmas Carol
57.6%
The Twits
54.3%
The Famous Five Series
52.9%
The Secret Garden
52.8%
The Wizard of Oz
52.3%
The Witches
51.8%
The Very Hungry Caterpillar
50.3%
The Wind in the Willows
49.5%
Black Beauty
47.7%
Where the Wild Things Are
46.2%
The Little Prince
42.1%
Mr Men
35.8%
A Bear Called Paddington
35.5%
The Gruffalo
34.2%
Title
% Correct
The Railway Children
28.2%
The Borrowers
27%
Just So Stories
22.4%
The Tiger Who Came to Tea
19.1%
The Faraway Tree
18.8%
The Worst Witch
17%
Stig of the Dump
16.8%
The Gruffalo's Child
16.3%
Room on a Broom
15.9%
Hans Christian Fairy Tales
15.8%
The Malory Towers Series
14.4%
Captain Underpants
14.2%
We're Going On A Bear Hunt
12.2%
Miffy
10.8%
The Wishing Chair
9.7%
Dear Zoo
8.4%
Mrs Pepperpot
7.9%
Meg and Mog
7.8%
The Snail and the Whale
7.3%
Flat Stanley
4.2%
The St. Claire's Series
3.6%
Aesop's Fables
1.8%
Goldilocks and the Three Bears
1.5%
Six Dinners Sid
1%
Ten Little Ladybirds
0.5%
Quiz Playlist
Details
Report
Send in Message
Add To Playlist
Classic:
Type in answers that appear in a list
Quiz Source
Last Updated: Feb 16, 2017
Quiz Scoreboard
CHALLENGE
Sign Up to Join the Scoreboard
Show All
Scores
Hide
Comments
May contain spoilers
Recently Published
Presidents Visiting Landmarks
by Hejman
History
7m
An Introduction to Baseball
by treessimontrees
Sports
5m
Movies - When Are They Set?
by FPL_Elf
Movies
5m
More to Explore
Quiz From the Vault
Featured Blog Post
Where Did the Easter Bunny Come From?
hide this ad
You Might Also Like...
Tags
Author Quiz
Book Quiz
Children's Books Quiz
Novel Quiz
Children
Top 50
Today's Top Quizzes in Literature
Browse Literature
hide this ad
Today's Top Quizzes in Author
Browse Author
Top Contributed Quizzes in Literature
1
Sneaky Slytherin Logic Puzzle
2
Get The Picture: Black or White Literature
3
A Court of Thorns and Roses (ACoTaR) Logic Puzzle
4
One Thing in Common: Literature
5
5-to-1: Plays
6
Harry Potter Neighbourly Logic Puzzle #5
7
One Thing in Common: Literature 3
8
One Thing in Common: Literature II
9
One Thing in Common: Books
10
Harry Potter Neighbourly Logic Puzzle #3
Explore More
Trending Topics
Harry Potter
Disney
Kpop
NBA
Marvel
Anime
Crossword
Puzzle
Pokémon
Song
WWE
Soccer
Country
NFL
The Office
hide this ad
More By:
Steve1977
Quiz
Plays
Rating
Category
Featured
Created
Top All Time Premiership Goal Assists
1,099
3.50
Sports
Oct 22, 2009
The Top 50 Children's Books (UK)
786
4.57
Literature
Oct 21, 2009
Most Vehicles Per Capita
648
3.43
Geography
Oct 23, 2009
Age of 2009 English Premiership Clubs
169
3.67
Sports
Oct 22, 2009
Go to Creator's Profile
Score Distribution
Quiz Creator Spotlight
Steve1977
Follow
Send a Message
Quizzes Created
-
Created Quiz Play Count
-
More By This Creator
Popular Quizzes Today
1
Find the US States - No Outlines Minefield
2
Find the Countries of Europe - No Outlines Minefield
3
The Countries of the World
4
Find the US States
5
Popular People in 1961
6
US States
7
Risky Map Clicking: Biggest States A-Z
8
1-10 Letter E Words III
More Literature Quizzes
Profile: Dracula
Published
Trending Quizzes
Risky Map Clicking: Least Populous States A-Z
1-10 Letter G Words
1-10 Letter F Words
One Thing in Common: United Kingdom
Risky Map Clicking: Next State Alphabetically
Recently Updated
Leaping Animals
pecheneg
Reality TV Shows (A-Z)
bhenderson79
Rickey Henderson's Hall of Fame Teammates
pecheneg
Champions League XIs: Arsenal
pecheneg
Quick Pick: Celebrities in WWE's Hall of Fame
aduchscher
A-Z Keypad Blitz II
pecheneg
Multiple Oscar Actors
pecheneg
Mystery Phrase Blitz: Oscar 'Best Actors'
pecheneg
F. Scott Fitzgerald Novels
LTH
Pick 3 Villains
ddd62291
Trending Topics
Crossword
Anime
NBA
Kpop
Harry Potter
Disney
Marvel
Puzzle
Soccer
NFL
WWE
Song
The Office
Country
Pokémon
Your Account Isn't Verified!
In order to create a playlist on Sporcle, you need to verify the email address you used during registration. Go to your
Sporcle Settings
to finish the process.
Report this User
Report this user for behavior that violates our
Community Guidelines
.
Details:
Send Report
Go to the Sporcle.com Mobile Site →
Comments